Capital of Japan Prefectures - One Minute Sprint - Statistics

General Stats
  • This quiz has been taken 9 times
  • The average score is 35 of 47
Answer Stats
Prefecture Capital City % Correct
Hiroshima Hiroshima
100%
Ehime Matsuyama
100%
Hokkaido Sapporo
100%
Akita Akita
80%
Aomori Aomori
80%
Chiba Chiba
80%
Fukui Fukui
80%
Fukuoka Fukuoka
80%
Gifu Gifu
80%
Kagoshima Kagoshima
80%
Ishikawa Kanazawa
80%
Kumamoto Kumamoto
80%
Kyoto Kyoto
80%
Miyazaki Miyazaki
80%
Nagano Nagano
80%
Nagasaki Nagasaki
80%
Nara Nara
80%
Niigata Niigata
80%
Oita Oita
80%
Okayama Okayama
80%
Osaka Osaka
80%
Shiga Otsu
80%
Saga Saga
80%
Saitama Saitama
80%
Miyagi Sendai
80%
Shizuoka Shizuoka
80%
Kagawa Takamatsu
80%
Tottori Tottori
80%
Toyama Toyama
80%
Mie Tsu
80%
Wakayama Wakayama
80%
Yamagata Yamagata
80%
Fukushima Fukushima
60%
Hyogo Kobe
60%
Kochi Kochi
60%
Gunma Maebashi
60%
Shimane Matsue
60%
Ibaraki Mito
60%
Iwate Morioka
60%
Aichi Nagoya
60%
Okinawa Naha
60%
Tokyo Shinjuku
60%
Tokushima Tokushima
60%
Tochigi Utsunomiya
60%
Yamaguchi Yamaguchi
60%
Kanagawa Yokohama
60%
Yamanashi Kofu
40%
No matching quizzes found
Score Distribution
Percent of People with Each Score
Percentile by Number Answered
Your Score History
You have not taken this quiz